000 00350cam a2200145ua 4500
041 _ahin
_h
082 _a891.54
_bMAH/DO
100 _aMahendranadh, .
245 _aDo Phool khile /
_cMahendranadh.
_hTextual Documents
260 _a :
_bRajkamal Prakashan ,
_c1962.
300 _a114 ;
_e`.
504 _a
942 _cBK
999 _c11885
_d11885